Wrestlers behind their true Names (WWF, WWE, NWA, ECW, TNA, WCW) - Statistics

General Stats
  • This quiz has been taken 1,422 times
  • The average score is 16 of 30
Answer Stats
Hint Answer % Correct
Glenn Thomas Jacobs Kane or the Big Red Machine/Monster
94%
Mark William Calaway The Undertaker or the Dead Man
91%
Paul Michael Levesque Triple H or Hunter Hearst Hemsley
89%
Michael Hickenbottom "The Heartbreak" Kid Shawn Michaels
81%
Terrance Gene Bollea "Hulkster" Hulk Hogan or Hollywood Hogan
75%
Solofa Fatu Jr Rikishi
74%
Amy Christine Dumas Lita
71%
Phillip Jack Brooks CM Punk
69%
Randall Mario Poffo ☨ "Macho Man" Randy Savage
69%
Steve Borden Sting
67%
Virgil Riley Runnels Jr. ☨ "The American Dream" Dusty Rhodes
66%
Joan Marie Laurer ☨ Chyna
64%
Óscar Gutiérrez Rubio Rey Mysterio
63%
Nicholas Theodore Nemeth Dolph Ziggler
60%
Christopher Keith Irvine Chris Jericho
56%
James Brian Hellwig ☨ The Ultimate Warrior
56%
Dalip Singh Rana The Great Khali
51%
Steven James Anderson "Stone Cold" Steve Austin
50%
Rodney Agatupu Anoa'i ☨ Yokozuna
49%
Ryan Reeves Ryback
44%
Sidney Raymond Eudy Sycho Sid or Sid Justice or Sid Vicious
40%
Roderick George Toombs ☨ "Rowdy" Roddy Piper
37%
Mark LoMonaco Bubba Ray Dudley (WWE) or Bully Ray (TNA)
33%
Robert Alexander Szatkowski "RVD" Rob van Dam
33%
Stephen Farrelly Sheamus
32%
Mary Lillian Ellison ☨ The Fabulous Moolah
30%
Terry Michael Brunk Sabu
25%
Pierre Clermont Pat Patterson
16%
John William Minton ☨ Big John Studd
14%
Wayde Douglas Bowles ☨ Rocky Johnson
9%
No matching quizzes found
Score Distribution
Percent of People with Each Score
Percentile by Number Answered
Your Score History
You have not taken this quiz